Spotlight on Prime rental markets 2012 (Record no. 114386)

MARC details
000 -LEADER
fixed length control field 01062cad a22002055a 4500
001 - CONTROL NUMBER
control field L156718
008 - FIXED-LENGTH DATA ELEMENTS--GENERAL INFORMATION
fixed length control field 120628s2012 xxk f 000 0 eng d
035 ## - SYSTEM CONTROL NUMBER
System control number (Sirsi) u156718
041 0# - LANGUAGE CODE
Language code of text/sound track or separate title eng
110 2# - MAIN ENTRY--CORPORATE NAME
Corporate name or jurisdiction name as entry element Savills
9 (RLIN) 2020
245 00 - TITLE STATEMENT
Title Spotlight on Prime rental markets 2012
Medium [electronic resource]
260 ## - PUBLICATION, DISTRIBUTION, ETC.
Place of publication, distribution, etc. London
Name of publisher, distributor, etc. Savills
Date of publication, distribution, etc. 2012
490 #0 - SERIES STATEMENT
Series statement Savills Research Spotlight on Prime Rental Markets
Volume/sequential designation 2 Qr 2012
520 ## - SUMMARY, ETC.
Summary, etc. Highlights recent trends in prime rental markets including a reduction in annual rental growth in London markets for the first time in over two years with London South West and South East the best performing areas. The prime sectors particularly in London and South East continue to attract investment from overseas investors. Rental growth is stronger in the mainstream than prime.
590 ## - LOCAL NOTE (RLIN)
Local note KA NTK
651 #4 - SUBJECT ADDED ENTRY--GEOGRAPHIC NAME
Geographic name United Kingdom
Chronological subdivision
690 ## - LOCAL SUBJECT ADDED ENTRY--TOPICAL TERM (OCLC, RLIN)
Topical term or geographic name as entry element Residential property
9 (RLIN) 6266
856 40 - ELECTRONIC LOCATION AND ACCESS
Uniform Resource Identifier <a href="https://www.savills.co.uk/research/residential-research.aspx">https://www.savills.co.uk/research/residential-research.aspx</a>
Public note View the report after free registration at www.savills.co.uk
942 ## - ADDED ENTRY ELEMENTS (KOHA)
Suppress in OPAC 0
Holdings
Withdrawn status Lost status Source of classification or shelving scheme Damaged status Not for loan Home library Current library Shelving location Date acquired Total Checkouts Full call number Barcode Date last seen Copy number Price effective from Koha item type
    Dewey Decimal Classification     Virtual Virtual Online 28/06/2012   ONLINE PUBLICATION 156718-2001 06/08/2019 1 06/08/2019 Book